Распределение растений в зависимости от внешних условий (экологическая география растений) / (Record no. 452539)
[ view plain ]
| 000 -LEADER | |
|---|---|
| fixed length control field | 01653nam a2200253 a 4500 |
| 003 - CONTROL NUMBER IDENTIFIER | |
| control field | AM-YEHGA |
| 040 ## - CATALOGING SOURCE | |
| Original cataloging agency | AM-YeHGA |
| 090 ## - LOCALLY ASSIGNED LC-TYPE CALL NUMBER (OCLC); LOCAL CALL NUMBER (RLIN) | |
| -- | 455496 |
| 005 - DATE AND TIME OF LATEST TRANSACTION | |
| control field | 20250617160408.0 |
| 008 - FIXED-LENGTH DATA ELEMENTS--GENERAL INFORMATION | |
| fixed length control field | 180831s1902 ru ab||gr|||||||||0|rus d |
| 041 1# - LANGUAGE CODE | |
| Language code of text/sound track or separate title | rus |
| Language code of original | ger |
| 100 1# - MAIN ENTRY--PERSONAL NAME | |
| Personal name | Варминг, Йоханнес Эугениус |
| Dates associated with a name | 1841-1924 |
| 245 10 - TITLE STATEMENT | |
| Title | Распределение растений в зависимости от внешних условий (экологическая география растений) / |
| Statement of responsibility, etc. | Е. Варминг, проф. ботаники в Копенгаг. ун-те ; Пер. со 2-го нем. изд. А.Г. Генкеля, прив.-доц. С.-Петерб. ун-та ; С доп., касающимися растительности России, Г.И. Танфильева, гл. ботаника Имп. Ботан. сада. |
| 260 ## - PUBLICATION, DISTRIBUTION, ETC. | |
| Place of publication, distribution, etc. | Санкт-Петербург : |
| Name of publisher, distributor, etc. | Брокгауз-Ефрон, |
| Date of publication, distribution, etc. | 1902. |
| 300 ## - PHYSICAL DESCRIPTION | |
| Extent | VIII, [4], 474 с. : |
| Other physical details | ил., карт. ; |
| Dimensions | 26 см. |
| 490 10 - SERIES STATEMENT | |
| Series statement | Библиотека естествознания, под редакцией профессора П.И. Броунова и В.А. Фаусека |
| 650 14 - SUBJECT ADDED ENTRY--TOPICAL TERM | |
| Topical term or geographic name entry element | Биология |
| 650 14 - SUBJECT ADDED ENTRY--TOPICAL TERM | |
| Topical term or geographic name entry element | Биологические науки |
| 650 14 - SUBJECT ADDED ENTRY--TOPICAL TERM | |
| Topical term or geographic name entry element | Ботаника |
| Geographic subdivision | Россия |
| 700 1# - ADDED ENTRY--PERSONAL NAME | |
| Personal name | Генкель, Александр Германович |
| Dates associated with a name | 1872-1927 |
| Relator term | пер. |
| 700 1# - ADDED ENTRY--PERSONAL NAME | |
| Personal name | Танфильев, Гавриил Иванович |
| Dates associated with a name | 1857-1928 |
| 830 #0 - SERIES ADDED ENTRY--UNIFORM TITLE | |
| Uniform title | Библиотека естествознания, под редакцией профессора П.И. Броунова и В.А. Фаусека |
| 942 ## - ADDED ENTRY ELEMENTS (KOHA) | |
| Source of classification or shelving scheme | Universal Decimal Classification |
| Koha item type | Գրքեր / Books |
| Withdrawn status | Lost status | Source of classification or shelving scheme | Damaged status | Not for loan | Collection | Home library | Current library | Date acquired | Total checkouts | Full call number | Barcode | Date last seen | Price effective from | Koha item type | Public note |
|---|---|---|---|---|---|---|---|---|---|---|---|---|---|---|---|
| Universal Decimal Classification | General | Fundamental Scientific Library | Fundamental Scientific Library | 14/10/2020 | PIII/61510 | FL0633720 | 14/10/2020 | 14/10/2020 | Գրքեր / Books | 30 Days Loan |
ՀՀ Գիտությունների ազգային ակադեմիայի հիմնարար գիտական գրադարան = Fundamental Scientific Library of NAS RA
All site content, except where otherwise noted, is licensed under a